| 000 | 00537nam a2200181 i 4500 | ||
|---|---|---|---|
| 001 | 67959 | ||
| 003 | ES-MaACL | ||
| 005 | 20251011063112.0 | ||
| 007 | t| | ||
| 008 | 040216s1956 sp ||||1| spa d | ||
| 100 | 0 |
_aGallego Morell, Antonio, _d1923-2009 _953576 |
|
| 245 | 1 | 0 |
_aVida y poesía de Gerardo Diego / _cAntonio Gallego Morell. |
| 250 | _a[1ª ed.]. | ||
| 260 |
_aBarcelona : _bAedos, _c[1956] ( _fSimpar) |
||
| 300 |
_a271 p., 5 lám. ; _c22 cm. |
||
| 852 |
_aES-MaACL _jC-10257 _bR.38886 |
||
| 999 |
_c67959 _d67959 |
||